Da uomo a uomo

Sábháilte in:
Sonraí bibleagrafaíochta
Príomhchruthaitheoir: Rise' Claudio
Formáid: LEABHAR
Teanga:Teanga Anaithnid nó Neamhbhailí
Foilsithe / Cruthaithe: Milano Sperling & Kupfer 1998
Clibeanna: Cuir clib leis
Níl clibeanna ann, Bí ar an gcéad duine le clib a chur leis an taifead seo!

MARC

LEADER 00000nam a2200000Ia 4500
001 128
003 NUMERAZIONE-ORIGINALE-BRESCIA
005 20260206230748.0
008 260206s9999 xx 000 0 und d
100 |a Rise' Claudio 
245 0 |a Da uomo a uomo 
260 |a Milano 
260 |b Sperling & Kupfer 
260 |c 1998 
500 |a Le grandi guide 
500 |a Maschi che scrivono allo psicoanalista 
942 |2 ddc  |c BK  |n 0 
952 |0 0  |1 0  |2 ddc  |4 0  |6 24  |7 0  |9 28318  |a BS  |b BS  |d 2026-02-06  |i 128  |l 0  |o 2-4-*  |r 2026-02-06 22:40:32  |w 2026-02-06  |x [REVISIONARE]  |y BK 
999 |c 24009  |d 24009